000 00214 a2200109 4500
020 _a9789992467213
041 _aspa
100 _aMaria Lopez Vigil
245 _aCinco Noches Arrechas
942 _cBK
952 _71
999 _c23144
_d23144